|
|
|
|
| LEADER |
00859pam a22002658a 4500 |
| 001 |
00033359 |
| 005 |
20171026081025.0 |
| 008 |
150713s2010 ||||||viesd |
| 020 |
|
|
|c 36000
|
| 041 |
0 |
# |
|a vie
|
| 082 |
1 |
4 |
|a 796.345
|b H502L
|
| 100 |
1 |
# |
|a Đào, Chí Thanh
|
| 245 |
0 |
0 |
|a Huấn luyện chiến thuật thi đấu cầu lông
|c Đào Chí Thanh
|
| 260 |
# |
# |
|a Hà Nội
|b Thể dục thể thao
|c 2010
|
| 300 |
# |
# |
|a 202 tr.
|c 19 cm.
|
| 653 |
# |
# |
|a cầu lông
|
| 653 |
# |
# |
|a tập luyện
|
| 653 |
# |
# |
|a hướng dẫn
|
| 852 |
# |
# |
|b Kho giáo trình
|j KGT.0049247
|
| 852 |
# |
# |
|b Kho mượn
|j KGT.0049247
|
| 852 |
# |
# |
|b Kho đọc
|j KD.0016803
|
| 852 |
# |
# |
|j KD.0016803
|j KGT.0049247
|
| 910 |
0 |
# |
|a kchi
|d 13/7/2015
|
| 980 |
# |
# |
|a Trung tâm Học liệu Lê Vũ Hùng, Trường Đại học Đồng Tháp
|